[Event "Valby K41 Spring-D"]
[Site "Valby"]
[Date "2011.05.10"]
[Round "7"]
[White "Ibsen, Johan"]
[Black "Krogh, Soren"]
[Result "1-0"]
[WhiteElo "1657"]
[BlackElo "1265"]
[PlyCount "25"]
[EventDate "2011.03.15"]
[EventType "tourn"]
[EventRounds "7"]
[EventCountry "DEN"]
[SourceTitle "EXT 2023"]
[Source "ChessBase"]
[SourceDate "2022.10.05"]
[SourceVersion "1"]
[SourceVersionDate "2022.10.05"]
[SourceQuality "1"]

1. e4 c6 2. d4 d5 3. e5 Bf5 4. h4 h6 5. g4 Bh7 6. e6 f6 7. Bd3 Qb6 8. Bxh7 Rxh7 9. Qd3 Rh8 10. Qg6+ Kd8 11. c3 Na6 12. Qf7 Kc7 13. Bf4+ 1-0

[Event "Valby K41 Spring-D"]
[Site "Valby"]
[Date "2011.03.15"]
[Round "1"]
[White "Wadtland, Flemming"]
[Black "Ibsen, Johan"]
[Result "0-1"]
[WhiteElo "1493"]
[BlackElo "1657"]
[PlyCount "60"]
[EventDate "2011.03.15"]
[EventType "tourn"]
[EventRounds "7"]
[EventCountry "DEN"]
[SourceTitle "EXT 2023"]
[Source "ChessBase"]
[SourceDate "2022.10.05"]
[SourceVersion "1"]
[SourceVersionDate "2022.10.05"]
[SourceQuality "1"]

1. Nf3 Nf6 2. c4 g6 3. d4 c5 4. Nc3 cxd4 5. Nxd4 Bg7 6. e3 0-0 7. Bd3 Nc6 8. Nxc6 bxc6 9. 0-0 d5 10. cxd5 cxd5 11. Qe2 Bg4 12. f3 Bd7 13. Rd1 Qb6 14. Kh1 Rac8 15. Rb1 Rfd8 16. e4 dxe4 17. Nxe4 Bc6 18. b4 Nxe4 19. fxe4 Rd7 20. b5 Bb7 21. Bf4 Rcd8 22. Rb3 Qe6 23. h3 Bxe4 24. Qxe4 Qxe4 25. Bxe4 Rxd1+ 26. Kh2 R1d4 27. Re3 f5 28. Bc7 R8d7 29. b6 axb6 30. Bxb6 Rxe4 0-1

[Event "Valby K41 Aabent-ch 1011"]
[Site "Valby"]
[Date "2011.01.04"]
[Round "5"]
[White "Andreassen, Mikkel"]
[Black "Ibsen, Johan"]
[Result "1-0"]
[WhiteElo "1726"]
[BlackElo "1610"]
[PlyCount "110"]
[EventDate "2010.11.03"]
[EventType "swiss"]
[EventRounds "10"]
[EventCountry "DEN"]
[SourceTitle "EXT 2023"]
[Source "ChessBase"]
[SourceDate "2022.10.05"]
[SourceVersion "1"]
[SourceVersionDate "2022.10.05"]
[SourceQuality "1"]

1. d4 Nf6 2. c4 c5 3. d5 d6 4. Nc3 e6 5. g3 exd5 6. cxd5 g6 7. Bg2 Bg7 8. Nf3 0-0 9. 0-0 Re8 10. h3 Na6 11. Re1 Nc7 12. a4 Rb8 13. e4 a6 14. a5 Nb5 15. Nd2 Nxc3 16. bxc3 Nd7 17. Qc2 b5 18. axb6 Nxb6 19. Bb2 Qc7 20. Reb1 c4 21. Nf3 Nd7 22. Nd4 Bb7 23. Ba3 Nc5 24. Bxc5 Qxc5 25. Qd2 Qc7 26. Rb4 Bxd4 27. Qxd4 Rec8 28. Raa4 a5 29. Rxc4 Qd8 30. Qa7 Rxc4 31. Rxc4 Rc8 32. Rxc8 Bxc8 33. Qa8 Qc7 34. Qc6 Qd8 35. Bf1 Kg7 36. c4 Kf8 37. c5 dxc5 38. Qxc5+ Kg7 39. Kh2 Bd7 40. Qd4+ Kg8 41. Bc4 Qc8 42. g4 a4 43. e5 Qb8 44. Kg2 Qb7 45. f3 Qc8 46. Qe4 Kg7 47. Qe2 Kf8 48. Kg3 Qc7 49. f4 Qa7 50. e6 fxe6 51. dxe6 Bc6 52. Qe5 Qg1+ 53. Kh4 Qf2+ 54. Kg5 h6+ 55. Kf6 Qh4+ 1-0

[Event "Valby K41 Aabent-ch 1011"]
[Site "Valby"]
[Date "2010.11.03"]
[Round "1"]
[White "Nicolaisen, Jeppe"]
[Black "Ibsen, Johan"]
[Result "1-0"]
[WhiteElo "2004"]
[BlackElo "1610"]
[PlyCount "69"]
[EventDate "2010.11.03"]
[EventType "swiss"]
[EventRounds "10"]
[EventCountry "DEN"]
[SourceTitle "EXT 2023"]
[Source "ChessBase"]
[SourceDate "2022.10.05"]
[SourceVersion "1"]
[SourceVersionDate "2022.10.05"]
[SourceQuality "1"]

1. d4 e6 2. Nf3 f5 3. h3 Nf6 4. g4 d5 5. gxf5 exf5 6. Rg1 Nc6 7. a3 Be6 8. Qd3 g6 9. Nc3 Bg7 10. Bg5 Qd7 11. Bxf6 Bxf6 12. 0-0-0 0-0-0 13. e3 Kb8 14. Ne2 Na5 15. Nd2 Nc4 16. Nxc4 dxc4 17. Qd2 Rhe8 18. Qb4 Be7 19. Qc3 g5 20. Bg2 Bf6 21. Qb4 c6 22. Nc3 Be7 23. Qa4 Qc7 24. d5 cxd5 25. Bxd5 Bd7 26. Qxc4 Qa5 27. Qb3 Qa6 28. Bc4 Qc6 29. Bb5 Qc8 30. Bxd7 Rxd7 31. Rxd7 Qxd7 32. Rd1 Qc6 33. Qd5 Qc8 34. Qe5+ Ka8 35. Nd5 1-0

[Event "Valby K41 Spring-B"]
[Site "Valby"]
[Date "2009.05.12"]
[Round "7"]
[White "Mouritsen, Jan"]
[Black "Ibsen, Johan"]
[Result "1/2-1/2"]
[WhiteElo "1561"]
[BlackElo "1743"]
[PlyCount "80"]
[EventDate "2009.03.17"]
[EventType "tourn"]
[EventRounds "7"]
[EventCountry "DEN"]
[SourceTitle "EXT 2023"]
[Source "ChessBase"]
[SourceDate "2022.10.05"]
[SourceVersion "1"]
[SourceVersionDate "2022.10.05"]
[SourceQuality "1"]

1. e4 e6 2. d4 d5 3. Nc3 Nf6 4. Bg5 Be7 5. e5 Nfd7 6. Bxe7 Qxe7 7. f4 a6 8. Nf3 c5 9. Qd2 Nc6 10. dxc5 Nxc5 11. 0-0-0 Bd7 12. Qe3 Rc8 13. f5 exf5 14. Nxd5 Qf8 15. Nb6 Qe7 16. Nxc8 Bxc8 17. Bd3 0-0 18. Qf4 Nb4 19. Bxf5 Nxa2+ 20. Kb1 Be6 21. Bxe6 Nxe6 22. Qa4 Nb4 23. Rd2 Rc8 24. Rhd1 Qc5 25. c3 Nc6 26. Nd4 Ncxd4 27. cxd4 Qd5 28. Ka1 b5 29. Qa2 Qe4 30. Qb1 Qd5 31. Rc1 Rc4 32. Rxc4 bxc4 33. Qd1 Qa5+ 34. Kb1 Nf4 35. Qf3 Nd5 36. Qf5 g6 37. Qc8+ Kg7 38. Qxc4 Qxd2 39. Qxd5 Qd1+ 40. Ka2 Qa4+ 1/2-1/2

[Event "Valby K41 op 0607"]
[Site "Valby"]
[Date "2007.01.09"]
[Round "5"]
[White "Ibsen, Johan"]
[Black "Weinreich, Per C"]
[Result "0-1"]
[WhiteElo "1705"]
[BlackElo "1800"]
[PlyCount "61"]
[EventDate "2006.11.14"]
[EventType "swiss"]
[EventRounds "9"]
[EventCountry "DEN"]
[SourceTitle "EXT 2018"]
[Source "ChessBase"]
[SourceDate "2017.10.13"]
[SourceVersion "1"]
[SourceVersionDate "2017.10.13"]
[SourceQuality "1"]

1. e4 c5 2. Nc3 Nc6 3. f4 d6 4. Nf3 g6 5. Bc4 e6 6. 0-0 Bg7 7. d3 Nge7 8. Qe1 0-0 9. Ne2 d5 10. exd5 exd5 11. Bb3 b5 12. c3 Nf5 13. Qf2 d4 14. Bd2 Re8 15. Ng5 Re7 16. Rae1 h6 17. Ne4 c4 18. dxc4 Rxe4 19. Qf3 dxc3 20. bxc3 Qb6+ 21. Kh1 Re7 22. cxb5 Qxb5 23. Bd5 Bd7 24. c4 Qc5 25. Rb1 Rae8 26. Rb5 Qd6 27. Ng3 Nfd4 28. Qd3 Nxb5 29. cxb5 Nd8 30. a4 Be6 31. Ne4 0-1

[Event "Valby K41 op 0607"]
[Site "Valby"]
[Date "2006.11.21"]
[Round "2"]
[White "Kristensen, Steffen Michael"]
[Black "Ibsen, Johan"]
[Result "0-1"]
[WhiteElo "1275"]
[BlackElo "1705"]
[PlyCount "62"]
[EventDate "2006.11.14"]
[EventType "swiss"]
[EventRounds "9"]
[EventCountry "DEN"]
[SourceTitle "EXT 2018"]
[Source "ChessBase"]
[SourceDate "2017.10.13"]
[SourceVersion "1"]
[SourceVersionDate "2017.10.13"]
[SourceQuality "1"]

1. e4 e6 2. d4 d5 3. Nc3 Nf6 4. Bg5 Be7 5. Bxf6 Bxf6 6. e5 Be7 7. Bd3 c5 8. Qg4 0-0 9. Nf3 cxd4 10. Ne2 Nc6 11. 0-0-0 f6 12. Bxh7+ Kxh7 13. Qh5+ Kg8 14. Nexd4 Qe8 15. Qh3 f5 16. g4 f4 17. Qg2 Nxd4 18. Rxd4 Bd7 19. g5 Qh5 20. h4 Bc6 21. Qh3 Rf5 22. Rg1 Bc5 23. Rd2 g6 24. Nh2 Kf7 25. Qc3 Bb6 26. Nf3 Rc8 27. Qb4 Qxf3 28. h5 Qxh5 29. b3 Qh8 30. Re2 d4 31. Qd2 Qf8 0-1

[Event "Copenhagen K41 Aabent-ch 0506"]
[Site "Copenhagen"]
[Date "2005.12.06"]
[Round "3"]
[White "Thygesen, Morten"]
[Black "Ibsen, Johan"]
[Result "1-0"]
[WhiteElo "1879"]
[BlackElo "1477"]
[PlyCount "57"]
[EventDate "2005.11.15"]
[EventType "swiss"]
[EventRounds "9"]
[EventCountry "DEN"]
[SourceTitle "EXT 2023"]
[Source "ChessBase"]
[SourceDate "2022.10.05"]
[SourceVersion "1"]
[SourceVersionDate "2022.10.05"]
[SourceQuality "1"]

1. e4 e6 2. d4 d5 3. Bd3 Nf6 4. e5 Nfd7 5. Nf3 c5 6. c3 Nc6 7. 0-0 cxd4 8. cxd4 Be7 9. Nc3 0-0 10. Re1 Qe8 11. Nb5 Qd8 12. Re3 f5 13. exf6 Nxf6 14. Ng5 h6 15. Rg3 Bd6 16. Nxd6 Qxd6 17. Nh7 Kh8 18. Nxf8 Qxf8 19. Be3 e5 20. dxe5 Nxe5 21. Rc1 Nc6 22. Bb5 Bd7 23. Bxc6 bxc6 24. Bd4 Qe7 25. Qd3 Re8 26. h3 Rg8 27. Qe3 Qf7 28. Re1 Ne4 29. Qxh6# 1-0

[Event "Copenhagen K41 Aabent-ch 0506"]
[Site "Copenhagen"]
[Date "2005.11.29"]
[Round "2"]
[White "Gjedde, Thomas"]
[Black "Ibsen, Johan"]
[Result "0-1"]
[WhiteElo "1896"]
[BlackElo "1477"]
[PlyCount "156"]
[EventDate "2005.11.15"]
[EventType "swiss"]
[EventRounds "9"]
[EventCountry "DEN"]
[SourceTitle "EXT 2023"]
[Source "ChessBase"]
[SourceDate "2022.10.05"]
[SourceVersion "1"]
[SourceVersionDate "2022.10.05"]
[SourceQuality "1"]

1. d4 e6 2. c4 f5 3. Nc3 Nf6 4. a3 b6 5. Bg5 Bb7 6. e3 Be7 7. Nf3 d6 8. Bd3 Ne4 9. Bxe7 Qxe7 10. 0-0 Nd7 11. Nd2 Nxc3 12. bxc3 Qg5 13. e4 0-0 14. Qe2 Rae8 15. f4 Qh6 16. e5 dxe5 17. fxe5 Rf7 18. Rae1 Nf8 19. Qf2 g5 20. Ne4 Ng6 21. Nf6+ Rxf6 22. exf6 Nf4 23. Bxf5 Bxg2 24. f7+ Kxf7 25. Be4 Bxf1 26. Rxf1 Kg7 27. Bg2 Rf8 28. Kh1 Qf6 29. Qg3 Qf5 30. Bh3 Qf6 31. Bg4 h6 32. Bd1 Qf5 33. Qf3 Rf6 34. Rf2 Qb1 35. Rf1 Nh5 36. Qe2 Rxf1+ 37. Qxf1 Nf4 38. Be2 Qxf1+ 39. Bxf1 Kf6 40. Kg1 Kf5 41. Kf2 Ke4 42. h3 a5 43. Kg3 Ke3 44. c5 bxc5 45. dxc5 Kd2 46. Bb5 e5 47. h4 e4 48. hxg5 hxg5 49. Kg4 e3 50. Kxg5 e2 51. Bxe2 Nxe2 52. Kf5 Kxc3 53. Ke6 Nd4+ 54. Kd5 c6+ 55. Ke5 a4 56. Ke4 Nb5 57. Ke3 Kc4 58. Ke4 Kxc5 59. Kd3 Nxa3 60. Kc3 Nb5+ 61. Kb2 Kd4 62. Kc2 c5 63. Kb2 c4 64. Kc2 c3 65. Kb1 Kd3 66. Ka1 Kd2 67. Kb1 c2+ 68. Ka2 Nc3+ 69. Ka3 c1Q+ 70. Kb4 a3 71. Kb3 a2 72. Kc4 a1Q 73. Kd4 Ne2+ 74. Ke4 Qc4+ 75. Kf3 Qac3+ 76. Kf2 Q4d4+ 77. Kg2 Nf4+ 78. Kf1 Qf3# 0-1